000 00852cab a2200289 4500
001 ABS56365
008 090401t1996 xxu||||| |||| 00| 0 eng d
035 _a(Sirsi) u23129
041 _aeng
100 _aZucchiatti, G
245 _aHow to fly with EDI
260 _c1996
350 _a0
490 _aCanadian Appraiser
_v40(4) Winter 1996, 29-34(6)
520 _aExamines the future of Electronic Data Interchange (EDI) and its usefulness in the property market. Canadian perspective.
650 _aAPPRAISAL
650 _aCANADA
650 _aELECTRONIC DATA INTERCHANGE
650 _aELECTRONIC DATA INTERCHANGE
650 _aINTERNET
650 _aPROPERTY MARKET
650 _aREAL ESTATE
690 _aMANAGEMENT-BUSINESS MANAGEMENT-INFORMATION MANAGEMENT
700 _aTomasson, G
942 _n0
948 _c04/03/1997
999 _c15490
_d15490